000 00276nam a22001217a 4500
008 181102b xxu||||| |||| 00| 0 eng d
041 _aeng
080 _a101
100 _a23
101 _aFIL
245 _aPhilosophy And The Modern World
_cAlbert.L.W
942 _2udc
_cBK
999 _c51637
_d51637